Catálogo
 En Linea

Coronel Fernández Domínguez : (Registro nro. 32611)

Detalles MARC
000 -CABECERA
campo de control de longitud fija 01347nam a2200313 i 4500
001 - NÚMERO DE CONTROL
campo de control 000033120
003 - IDENTIFICADOR DEL NÚMERO DE CONTROL
campo de control DO-SdBNP
005 - FECHA Y HORA DE LA ÚLTIMA TRANSACCIÓN
campo de control 20260415174539.0
007 - CAMPO FIJO DE DESCRIPCIÓN FÍSICA--INFORMACIÓN GENERAL
campo de control de longitud fija ta
008 - DATOS DE LONGITUD FIJA--INFORMACIÓN GENERAL
campo de control de longitud fija 101014s1981 dr ac r 001 0bspa d
040 ## - FUENTE DE LA CATALOGACIÓN
Centro catalogador/agencia de origen DO-SdBNP
Lengua de catalogación spa
Centro/agencia transcriptor BNPHU
Normas de descripción rda
041 ## - CÓDIGO DE LENGUA
Código de lengua del texto/banda sonora o título independiente spa
082 #4 - NÚMERO DE LA CLASIFICACIÓN DECIMAL DEWEY
Número de clasificación 923.57293
Número de documento/Ítem F363c 1981
Número de edición 22
245 00 - MENCIÓN DE TÍTULO
Título Coronel Fernández Domínguez :
Resto del título fundador del movimiento militar constitucionalista /
Mención de responsabilidad, etc. datos y testimonios recopilados por, Arlette Fernández.
250 ## - MENCIÓN DE EDICIÓN
Mención de edición Segunda edición
264 ## - PRODUCCIÓN, PUBLICACIÓN, DISTRIBUCIÓN, FABRICACIÓN Y COPYRIGHT
Producción, publicación, distribución, fabricación y copyright Santo Domingo :
Nombre del de productor, editor, distribuidor, fabricante Editora Cosmos,
Fecha de producción, publicación, distribución, fabricación o copyright 1981.
300 ## - DESCRIPCIÓN FÍSICA
Extensión 340 páginas :
Otras características físicas ilustraciones, retratos ;
Dimensiones 20 cm.
336 ## - TIPO DE CONTENIDO
Término de tipo de contenido texto
Código de tipo de contenido txt
Fuente rdacontent
337 ## - TIPO DE MEDIO
Nombre/término del tipo de medio sin mediación
Código del tipo de medio n
Fuente rdamedia
338 ## - TIPO DE SOPORTE
Nombre/término del tipo de soporte volumen
Código del tipo de soporte nc
Fuente rdacarrier
500 ## - NOTA GENERAL
Nota general "Testimonios ofrecidos por : Profesor Juan Bosch, Dr. Rafael Molina Ureña, Manuel del Cabral, José Azcárate, Ex-teniente coronel Rafael Quiroz Pérez, Manuel de Jesús Rojas Fernández (Cucho), Ex-capitán Lorenzo Sención Silverio"
590 ## - NOTA LOCAL (RLIN)
Nota local Inventariado, 2025/BT
600 14 - PUNTO DE ACCESO ADICIONAL DE MATERIA--NOMBRE DE PERSONA
Nombre de persona Fernández Domínguez, Rafael Tomás,
Fechas asociadas al nombre 1934-1965
9 (RLIN) 19048
650 #0 - PUNTO DE ACCESO ADICIONAL DE MATERIA--TÉRMINO DE MATERIA
Término de materia o nombre geográfico como elemento de entrada
9 (RLIN) 12155
651 #4 - PUNTO DE ACCESO ADICIONAL DE MATERIA--NOMBRE GEOGRÁFICO
Nombre geográfico República Dominicana
Subdivisión general Historia
Subdivisión cronológica Revolución, 1965
9 (RLIN) 2167
700 1# - PUNTO DE ACCESO ADICIONAL--NOMBRE DE PERSONA
Nombre de persona Fernández, Arlette,
Fechas asociadas al nombre 1937-
Término indicativo de función/relación compilador
Código de función/relación comp.
9 (RLIN) 36068
910 ## - DATOS DE OPCIÓN DEL USUARIO (OCLC)
Datos de opción del usuario Validado. Control de calidad. MMOLINA
942 ## - ELEMENTOS DE PUNTO DE ACCESO ADICIONAL (KOHA)
Fuente del sistema de clasificación o colocación Dewey Decimal Classification
Tipo de ítem Koha Libro
Existencias
Estado de retiro Estado de pérdida Fuente del sistema de clasificación o colocación Restricciones de uso No para préstamo Código de colección Localización permanente Ubicación/localización actual Ubicación en estantería Fecha de adquisición Fuente de adquisición Total de préstamos Signatura topográfica completa Código de barras Fecha visto por última vez Precio válido a partir de Tipo de ítem Koha Nota pública
    Dewey Decimal Classification Excluido de préstamo   Patrimonio Dominicano Biblioteca Nacional Pedro Henríquez Ureña Biblioteca Nacional Pedro Henríquez Ureña Depósito 17.08.2011 Donación   BNPHU PD 923.57293 F363c 1981 33120-10 25.06.2020 25.06.2020 Libro Perteneció a la biblioteca personal de Juan Isidro Jimenes Grullón.

Con tecnología Koha